Tubarões (Record no. 44002)
[ view plain ]
| 000 -Etiqueta do registo | |
|---|---|
| Valores | 00373nam a2200169 4500 |
| 100 ## - Dados gerais de processamento | |
| Dados gerais | 20241203 pory50 |
| 101 ## - Língua de publicação | |
| Língua | por |
| 102 ## - País de publicação | |
| País | PT |
| 200 ## - Titulo e menção de responsabilidade | |
| Título próprio | Tubarões |
| Primeira menção de responsabilidade | John Woodward |
| 210 ## - Publicação | |
| Local de publicação | Lisboa |
| Nome do editor | Dinalivro |
| Data de publicação | 2005 |
| 215 ## - Descrição física | |
| Paginação / Volumes | 24, [1] p. |
| Outras indicações físicas | il. |
| 225 ## - Colecção | |
| Título próprio da colecção | Mundos do Saber |
| Indicação de volume | 10 |
| 675 ## - CDU | |
| Notação | 597 |
| 801 ## - Fonte de origem | |
| País | PT |
| Regras de catalogação | RPC |
| 990 ## - Elementos KOHA | |
| Tipo de documento | Livro |
| Aquisição | Empréstimo | Código de barras | Cota | Permissão de empréstimo | Tipo de documento |
|---|---|---|---|---|---|
| Biblioteca do Centro Escolar de Redondo | Biblioteca do Centro Escolar de Redondo | 80617 | 597 WOO TUBARÕES | Livro |